000 00937nam a2200241 i 4500
001 157164
003 ES-MaACL
005 20250929063224.0
008 040810m18441846it a |||| | ita d
040 _aCAM
_bspa
_cCAM
100 1 _aLas Cases, Emmanuel,
_ccomte de,
_d1766-1842
_970385
245 1 0 _aMemoriale di Sant'Elena /
_cdel conte de las Cases; ornato con appositi disegni del celebre Charlet.
250 _a1ª vers. italiana
_bdel cav. A. Baratta.
260 _aTorino :
_b[s.n.],
_c1844-1846 (
_fStabilimento tipográfico Fontana)
300 _a2 v. (VII, 703; 735 p.) :
_bil. ;
_c27 cm.
597 _aTexto enmarcado.
599 _aNumerosas il. intercaladas en el texto.
600 0 4 _aNapoleón
_bI
_c, Emperador de Francia.
_984910
700 1 _aCharlet.
_9126459
700 1 _aBaratta, A.
_9125797
852 _aES-MaACL
_jC-1716-17
_z-- Enc. hol.
_z-- Legado M. de la Fuente
999 _c157164
_d157164